MARC

LEADER 00000nam0a2200000 4500
001 93303
005 20231031105130.0
035 |a (RuTPU)RU\TPU\book\99913 
090 |a 93303 
100 |a 20060328d1983 km y0rusy50 ca 
101 0 |a rus 
102 |a RU 
105 |a a z 001zy 
200 1 |a Введение в физику инжекционных лазеров  |f П. Г. Елисеев 
210 |a Москва  |c Наука  |d 1983 
215 |a 296 с.  |c ил. 
320 |a Библиогр.: с. 281-294. 
610 1 |a генераторы квантовые 
610 1 |a инжекционные лазеры 
610 1 |a физика 
610 1 |a оптические модели 
610 1 |a полупроводниковые лазеры 
610 1 |a лазерное излучение 
675 |a 621.373.82  |v 3 
700 1 |a Елисеев  |b П. Г.  |g Петр Георгиевич 
801 1 |a RU  |b 63413507  |c 20060328  |g PSBO 
801 2 |a RU  |b 63413507  |c 20080114  |g PSBO 
942 |c BK